| 000 | 00660nam a22002057a 4500 | ||
|---|---|---|---|
| 003 | OSt | ||
| 005 | 20260123061612.0 | ||
| 008 | 260123b |||||||| |||| 00| 0 eng d | ||
| 020 | _a1-4018-8434-2. | ||
| 040 |
_aCollege Lib. _cOC |
||
| 082 |
_22nd ed. _aCirc. 537 H552 2005 |
||
| 100 | _aHerman, Stephen L. | ||
| 245 |
_aThe complete laboratory manual for electricity/ _cStephen L. Herman |
||
| 250 | _a2nd ed. | ||
| 260 |
_aUSA : _bThomson/Delmar Learning, _cc2005. |
||
| 300 |
_axvi, 448 p. : _billustration ; _c28 cm. |
||
| 504 | _aIncludes index. | ||
| 650 | _a1. Electricity-Handbooks, manuals, etc. | ||
| 942 |
_2ddc _cBK-CIRC _e2nd ed. _hCirc. _n0 |
||
| 999 |
_c7748 _d7748 |
||